000 00892nam a2200241 a 4500
001 000043215
005 20201002040729.0
008 140225s2010 nyu 000 p spa d
020 _a0982200382
040 _aDO-SdBNP
_bspa
_cBNPHU
041 1 7 _aspa
_heng
082 _axxx
_bxxx
100 1 _aWalcott, Derek,
_d1930-
_933657
240 1 0 _aThe bounty.
_lEspañol
245 1 3 _aLa providencia /
_cDerek Walcott ; traducción anotada y ensayos Áurea María Sotomayor-Miletti.
260 _aSan Juan, Puerto Rico :
_bFragmento Imán,
_c2010.
300 _axv, 207 p. ;
_c22 cm.
490 1 _aArco invisible
_apoesía
500 _aIncluye datos biográficos de la autora en la solapa de la cubierta.
590 _aLa biblioteca posee un ejemplar autografíado por la autora.
700 1 2 _aSotomayor-Miletti, Áurea María,
_d1951-
_etr.
_914201
830 0 _aArco invisible ;
_ppoesía
_970808
999 _c42704
_d42704